[Event "?"]
[Site "It Zeleny Shum"]
[Date "2000.??.??"]
[Round "?"]
[White "Malakhov, Vladimir"]
[Black "Pugachov, Alexey"]
[Result "1-0"]
[WhiteElo "2605"]
[BlackElo "2480"]

1. e4 c5 2. Nf3 e6 3. d4 cxd4 4. Nxd4 a6 5. Bd3 Bc5 6. Nb3 Be7 7. O-O d6 8.
c4 Nf6 9. Nc3 b6 10. Nd4 Bb7 11. b3 Nc6 12. Nxc6 Bxc6 13. Be3 O-O 14. Qe2
Qb8 15. Rac1 Rc8 16. Bg5 Bd8 17. Bf4 Nd7 18. Rfd1 Ne5 19. a4 Bf6 20. Bb1
Be8 21. Bg3 Ra7 22. h4 Rd8 23. f4 Nc6 24. e5 dxe5 25. Ne4 Be7 26. fxe5 Nd4
27. Qb2 Nf5 28. Bf2 Bc6 29. a5 Rad7 30. Rxd7 Rxd7 31. axb6 Bxh4 32. Nc5
Bxf2+ 33. Qxf2 Rd8 34. Bxf5 exf5 35. Nxa6 Qxe5 36. b4 Bxg2 37. Re1 Be4 38.
b7 h5 39. b8=Q Rxb8 40. Nxb8 Qxb8 41. b5 Qd6 42. c5 Qd3 43. b6 Qh3 44. Rxe4
fxe4 45. b7 Qb3 46. c6 Kh7 47. c7 e3 48. Qe2 1-0

[Event "?"]
[Site "Open Zadar CRO"]
[Date "1999.??.??"]
[Round "?"]
[White "Palac, Mladen"]
[Black "Fercec, Nenad"]
[Result "1-0"]
[WhiteElo "2610"]
[BlackElo "2475"]

1. e4 c5 2. Nf3 e6 3. d4 cxd4 4. Nxd4 a6 5. Bd3 Bc5 6. Nb3 Be7 7. O-O d6 8.
c4 Nf6 9. Nc3 Nbd7 10. f4 b6 11. Qe2 Bb7 12. Bd2 h5 13. Nd4 Qc7 14. Nf3 h4
15. b4 h3 16. g3 Ng4 17. Nd4 Ndf6 18. Nb3 O-O 19. Rac1 Rac8 20. b5 a5 21.
Na4 Ba8 22. Bc3 Rfd8 23. Bd4 Rb8 24. Nd2 Bf8 25. Bb2 Qb7 26. Rfe1 d5 27.
cxd5 Bb4 28. Red1 exd5 29. e5 d4 30. Rc6 Qd7 31. exf6 Re8 32. Ne4 Ne3 33.
Rdc1 1-0

[Event "?"]
[Site "HUN-GER Match"]
[Date "2004.??.??"]
[Round "?"]
[White "Kritz, Leonid"]
[Black "Horvath, Csaba"]
[Result "1/2-1/2"]
[WhiteElo "2540"]
[BlackElo "2545"]

1. e4 c5 2. Nf3 e6 3. d4 cxd4 4. Nxd4 a6 5. Bd3 Bc5 6. Nb3 Be7 7. Be3 d6 8.
N1d2 Nf6 9. f4 Nc6 10. c3 e5 11. f5 d5 12. Qf3 g6 13. O-O-O gxf5 14. exf5
Rg8 15. Bc2 Qc7 1/2-1/2

[Event "?"]
[Site "Lisbon Open Lisbon POR"]
[Date "2001.??.??"]
[Round "?"]
[White "Sulskis, Sarunas"]
[Black "Gofshtein, Zeev-Alon"]
[Result "1/2-1/2"]
[WhiteElo "2570"]
[BlackElo "2515"]

1. e4 c5 2. Nf3 e6 3. d4 cxd4 4. Nxd4 a6 5. Bd3 Bc5 6. Nb3 Be7 7. c4 d6 8.
Nc3 Nf6 9. O-O b6 10. Be3 Bb7 11. f4 Nbd7 12. a4 Rb8 13. a5 bxa5 14. Nxa5
Ba8 15. Nb3 Bb7 16. Nd2 O-O 17. b4 d5 18. cxd5 Bxb4 19. Na4 exd5 20. e5 Ne4
21. Nxe4 dxe4 22. Bc4 Qe7 23. Qe2 a5 24. Kh1 Rfd8 25. Qa2 Bc6 26. Rad1 Kh8
27. h3 h6 28. Kh2 Bxa4 29. Qxa4 f6 30. e6 Nc5 31. Rxd8+ Rxd8 32. Qc6 f5 33.
Rb1 Nd3 34. Bb6 Rf8 35. Qd7 Qh4 36. g3 Qh5 37. Bd4 Rg8 38. e7 Qe2+ 39. Kg1
Bc3 40. Bxc3 Qf2+ 41. Kh1 Qf3+ 42. Kh2 Qf2+ 43. Kh1 Qf3+ 44. Kh2 1/2-1/2

[Event "?"]
[Site "Novotel Chess Festival"]
[Date "2004.??.??"]
[Round "?"]
[White "Lupulescu, Constantin"]
[Black "Horvath, Adam"]
[Result "1/2-1/2"]
[WhiteElo "2555"]
[BlackElo "2525"]

1. e4 c5 2. Nf3 e6 3. d4 cxd4 4. Nxd4 a6 5. Bd3 Bc5 6. Nb3 Be7 7. O-O d6 8.
Qg4 g6 9. Qe2 Qc7 10. c4 b6 11. Nc3 Bb7 12. a4 Nc6 13. Be3 Nf6 14. Rfc1 Ne5
15. a5 bxa5 16. Nxa5 Nxd3 17. Qxd3 O-O 18. f3 Nd7 19. b4 Rab8 20. Qd2 Ba8
21. b5 Nc5 22. bxa6 Nxa6 23. Nb5 Qd8 24. Nb3 Nc7 25. Nxc7 Qxc7 26. Nd4 Rfd8
27. Nb5 Qd7 28. Ra7 Bb7 29. Qd3 Qc8 30. h3 1/2-1/2

[Event "?"]
[Site "Match Manila PHI"]
[Date "1998.??.??"]
[Round "?"]
[White "Antonio, Rogelio jr"]
[Black "Torre, Eugenio"]
[Result "1/2-1/2"]
[WhiteElo "2520"]
[BlackElo "2560"]

1. e4 c5 2. Nf3 e6 3. d4 cxd4 4. Nxd4 a6 5. Bd3 Bc5 6. Nb3 Be7 7. O-O Nc6
8. Kh1 Nf6 9. f4 d6 10. Nc3 O-O 11. Qe2 Qc7 12. Bd2 b5 13. a3 Bb7 14. Rae1
Nd7 15. Rf3 Nc5 16. Rh3 Nxd3 17. cxd3 g6 18. Qf2 Bf6 19. d4 Ne7 20. Be3
Rae8 21. Kg1 h5 22. Rc1 Qd8 23. Qe2 Bg7 24. Bf2 Qd7 25. Nd2 Rc8 26. Rd1 f5
27. e5 Nd5 28. Nxd5 Bxd5 29. Rg3 Kh7 30. Nf3 Bh6 31. exd6 Qxd6 32. Ne5 Rg8
33. Nf7 Qe7 34. Nxh6 Kxh6 35. Be1 Rc4 36. Rc3 Rxc3 37. Bxc3 Kh7 38. h3 Kg7
39. Bb4 Qd7 40. Qe5+ Kf7 41. Rc1 Rc8 42. Rxc8 Qxc8 43. Qd6 Kg8 44. Bc5
1/2-1/2

[Event "?"]
[Site "XVI Vidmar Mem, Portoroz SLO"]
[Date "2005.??.??"]
[Round "6"]
[White "Bartel, Mateusz"]
[Black "Predojevic, Borki"]
[Result "1/2-1/2"]
[WhiteElo "2540"]
[BlackElo "2540"]

1. e4 c5 2. Ne2 e6 3. d4 cxd4 4. Nxd4 a6 5. Bd3 Bc5 6. Nb3 Be7 7. Nc3 d6 8.
O-O Nf6 9. f4 Nc6 10. Qf3 O-O 11. Kh1 Qc7 12. Bd2 b5 13. Rae1 Rb8 14. e5
Nd7 15. exd6 Bxd6 16. Ne4 Be7 17. Ng5 Nf6 18. Bc3 h6 19. Bxf6 Bxf6 20. Nh7
Bxb2 21. Nxf8 Kxf8 22. f5 Bf6 23. fxe6 Ne5 24. Qg3 Bxe6 25. Nd4 Re8 26.
Nxe6+ Rxe6 27. Bf5 Rc6 28. a4 bxa4 29. Qa3+ Qd6 30. Qxa4 g6 31. Bd3 Kg7 32.
Rb1 Nxd3 33. cxd3 Rc3 34. d4 Qxd4 35. Qxa6 Rc7 36. Qa8 Rd7 37. Qf3 Qc3 38.
Qa8 Qd4 39. h3 Be5 40. Qe8 Bc7 41. Qe2 Qd6 42. g4 Qd5+ 1/2-1/2

[Event "?"]
[Site "Cup Pula CRO"]
[Date "1998.??.??"]
[Round "?"]
[White "Palac, Mladen"]
[Black "Sax, Gyula"]
[Result "1/2-1/2"]
[WhiteElo "2545"]
[BlackElo "2535"]

1. e4 c5 2. Nf3 e6 3. d4 cxd4 4. Nxd4 a6 5. Bd3 Bc5 6. Nb3 Be7 7. Qg4 g6 8.
O-O d6 9. Qe2 Nc6 10. a4 Nf6 11. a5 d5 12. Bh6 Bf8 13. Bg5 Be7 14. Bh6 Bf8
15. Bxf8 Kxf8 16. N1d2 Kg7 17. e5 Nd7 18. f4 b6 19. axb6 Qxb6+ 20. Qf2
Qxf2+ 21. Kxf2 g5 22. g3 Rb8 23. Ke3 Rb6 24. Nf3 gxf4+ 25. gxf4 f6 26. Rg1+
Kf7 27. exf6 Kxf6 28. Rac1 a5 29. Ra1 Ba6 30. Bxa6 Rxa6 31. Nbd4 Nxd4 32.
Nxd4 Nc5 33. Rg4 a4 1/2-1/2

[Event "?"]
[Site "Bayern-chI Bank Hofmann 4th"]
[Date "2000.??.??"]
[Round "?"]
[White "Kindermann, Stefan E S"]
[Black "Epishin, Vladimir V"]
[Result "1/2-1/2"]
[WhiteElo "2515"]
[BlackElo "2565"]

1. e4 c5 2. Nf3 e6 3. d4 cxd4 4. Nxd4 a6 5. Bd3 Bc5 6. Nb3 Be7 7. Qg4 g6 8.
Qe2 d6 9. O-O Nd7 10. f4 Ngf6 11. N1d2 O-O 12. Nf3 Re8 13. Bd2 e5 14. Qf2
exf4 15. Bxf4 Ng4 16. Qd2 Nge5 17. Bxe5 Nxe5 18. Nxe5 dxe5 19. Bc4 Be6 20.
Bxe6 Qb6+ 21. Qf2 Qxe6 22. Nc5 Bxc5 23. Qxc5 Rac8 24. Qf2 Red8 25. c3 Rd3
26. a3 Rcd8 27. Rae1 Kg7 28. h3 Qe7 29. Re3 h5 30. Rxd3 Rxd3 31. Qb6 h4 32.
a4 Rd2 33. Rf2 Rd1+ 34. Rf1 Rd2 35. Rf2 Rd1+ 36. Rf1 1/2-1/2

[Event "?"]
[Site "BL2-West"]
[Date "2002.??.??"]
[Round "?"]
[White "Gurevich, Vladimir"]
[Black "Glek, Igor V"]
[Result "1/2-1/2"]
[WhiteElo "2475"]
[BlackElo "2600"]

1. e4 c5 2. Nf3 e6 3. d4 cxd4 4. Nxd4 a6 5. Bd3 Bc5 6. Nb3 Be7 7. O-O d6 8.
c4 Nf6 9. Nc3 Nc6 10. Be3 O-O 11. Rc1 b6 12. f4 Bb7 13. Qe2 Nd7 1/2-1/2

[Event "?"]
[Site "TCh-BIH, Neum BIH"]
[Date "2004.??.??"]
[Round "5"]
[White "Perunovic, Milos"]
[Black "Pikula, Dejan"]
[Result "1-0"]
[WhiteElo "2555"]
[BlackElo "2520"]

1. e4 c5 2. Nf3 e6 3. d4 cxd4 4. Nxd4 a6 5. Bd3 Bc5 6. Nb3 Be7 7. Qe2 d6 8.
f4 Nf6 9. Be3 Nc6 10. N1d2 O-O 11. O-O-O Nb4 12. Kb1 Nxd3 13. cxd3 b5 14.
g4 Bb7 15. g5 Nd7 16. Rhg1 Re8 17. h4 Nc5 18. Nd4 d5 19. g6 fxg6 20. e5 Rf8
21. N2f3 Qd7 22. h5 gxh5 23. Ng5 g6 24. Nxh7 1-0

[Event "?"]
[Site "Bayern Ch Bank Hofmann 6th"]
[Date "2002.??.??"]
[Round "?"]
[White "Sandipan, Chanda"]
[Black "Oratovsky, Michael"]
[Result "0-1"]
[WhiteElo "2510"]
[BlackElo "2565"]

1. e4 c5 2. Nf3 e6 3. d4 cxd4 4. Nxd4 a6 5. Bd3 Bc5 6. Nb3 Be7 7. c4 d6 8.
O-O Nf6 9. Nc3 b6 10. f4 Nbd7 11. Qf3 Bb7 12. Be3 Rc8 13. Rae1 Qc7 14. Qh3
h5 15. Kh1 Qb8 16. Bd4 Rd8 17. e5 dxe5 18. fxe5 Ng4 19. Qg3 Ndxe5 20. Bxe5
Nxe5 21. Rxe5 Rxd3 22. Qxg7 Rf8 23. Nd5 Qd8 24. Rxh5 exd5 25. Re1 dxc4 26.
Rhe5 cxb3 27. Qg5 Rd7 28. axb3 Qc7 29. Qg7 Qd6 30. h3 Qg6 31. Qxg6 fxg6 32.
Re6 Kd8 33. Rxb6 Rf6 34. Ree6 Rxe6 35. Rxe6 Rd6 36. Re2 Rd1+ 37. Kh2 Bd6+
0-1

[Event "?"]
[Site "ol (Men) Istanbul TUR"]
[Date "2000.??.??"]
[Round "?"]
[White "Campora, Daniel H"]
[Black "Torre, Eugenio"]
[Result "1/2-1/2"]
[WhiteElo "2525"]
[BlackElo "2550"]

1. e4 c5 2. Nf3 e6 3. d4 cxd4 4. Nxd4 Qb6 5. Nc3 Bc5 6. Na4 Qa5+ 7. c3 Bxd4
8. Qxd4 Nf6 9. Nc5 Nc6 10. Qe3 O-O 11. Nb3 Qh5 12. f4 e5 13. Qf3 Re8 14.
Qxh5 Nxh5 15. f5 Nf6 16. Bd3 d5 17. Nd2 Ne7 18. O-O Bd7 19. exd5 Nexd5 20.
Ne4 Bc6 21. Bg5 Nxe4 22. Bxe4 f6 23. Rad1 Red8 24. Bc1 Nxc3 25. Rxd8+ Rxd8
26. Bxc6 Ne2+ 27. Kf2 Nxc1 28. Rxc1 bxc6 29. Rxc6 Rd2+ 30. Kf3 h5 31. Ra6
Rxb2 32. Rxa7 e4+ 33. Kg3 e3 34. Re7 Rxa2 1/2-1/2

[Event "?"]
[Site "15th TCh-CRO"]
[Date "2006.??.??"]
[Round "1"]
[White "Saric, Ibro"]
[Black "Ribli, Zoltan"]
[Result "1/2-1/2"]
[WhiteElo "2485"]
[BlackElo "2585"]

1. e4 c5 2. Nf3 e6 3. d4 cxd4 4. Nxd4 a6 5. Bd3 Bc5 6. Nb3 Be7 7. O-O d6 8.
c4 Nf6 9. Nc3 b6 10. f4 Nbd7 11. Qe2 Bb7 12. Bd2 Rc8 13. Rae1 g6 14. Kh1
O-O 15. Nd4 Rc5 16. Nf3 Rh5 17. b4 Re8 18. a3 Bf8 19. Qd1 Qa8 20. Qb1 Bg7
21. h3 e5 1/2-1/2

[Event "?"]
[Site "Tan Chin Nam Cup"]
[Date "2002.??.??"]
[Round "?"]
[White "Wang Shuai"]
[Black "Epishin, Vladimir V"]
[Result "1/2-1/2"]
[WhiteElo "2430"]
[BlackElo "2640"]

1. e4 c5 2. Nf3 e6 3. d4 cxd4 4. Nxd4 a6 5. Bd3 Bc5 6. Nb3 Be7 7. Nc3 d6 8.
Qg4 g6 9. O-O Nd7 10. f4 Ngf6 11. Qe2 O-O 12. Kh1 Re8 13. a4 b6 14. e5 Nh5
15. exd6 Bxd6 16. Be4 Ra7 17. a5 Rc7 18. Be3 b5 19. Qf3 Rc4 20. Nxb5 axb5
21. a6 f5 22. Bc6 Bxa6 23. Rxa6 Bxf4 24. Rd1 Qh4 25. Bxf4 Rxf4 26. g3 Rxf3
27. gxh4 Nb8 28. Bxe8 Nxa6 29. Bxb5 Nb4 30. Nd4 Re3 31. Nxe6 Nxc2 32. Bc4
Re4 33. Bb3 Re1+ 34. Rxe1 Nxe1 35. Kg1 1/2-1/2

[Event "?"]
[Site "TCh-AUT"]
[Date "2003.??.??"]
[Round "?"]
[White "Kindermann, Stefan E S"]
[Black "Rotstein, Arkadij"]
[Result "1/2-1/2"]
[WhiteElo "2540"]
[BlackElo "2530"]

1. e4 c5 2. Nf3 e6 3. d4 cxd4 4. Nxd4 a6 5. Bd3 Bc5 6. Nb3 Be7 7. Qg4 g6 8.
Qe2 d6 9. O-O Nd7 10. Nc3 Qc7 11. Bd2 b6 12. Rae1 Bb7 13. Kh1 1/2-1/2

[Event "?"]
[Site "Anibal Open 8th"]
[Date "2001.??.??"]
[Round "?"]
[White "Zulfugarli, Magomed"]
[Black "Epishin, Vladimir V"]
[Result "1-0"]
[WhiteElo "2495"]
[BlackElo "2575"]

1. e4 c5 2. Nf3 e6 3. d4 cxd4 4. Nxd4 a6 5. Bd3 Bc5 6. Nb3 Be7 7. Nc3 d6 8.
O-O Nf6 9. f4 Nbd7 10. a4 O-O 11. Be3 b6 12. g4 Nc5 13. g5 Ne8 14. Nd4 Bd7
15. Qd2 Nxd3 16. cxd3 d5 17. e5 Bc5 18. Rf3 f6 19. gxf6 gxf6 20. Rg3+ Kh8
21. Nce2 Qe7 22. Nc2 a5 23. d4 Bb4 24. Nxb4 axb4 25. f5 Ng7 26. exf6 Rxf6
27. Bg5 Nxf5 28. Qf4 Raf8 29. Rg2 h6 30. Bxf6+ Rxf6 31. b3 Bc8 32. Rd1 Ba6
33. Ng3 Nh4 34. Qxf6+ Qxf6 35. Rf2 Nf3+ 36. Kh1 Kh7 37. Ne2 Qf5 38. Kg2 Bd3
39. Rxf3 Bxe2 40. Rxf5 Bxd1 41. Rf6 Bxb3 42. Rxe6 Bxa4 43. Rxb6 Bc2 44. Kg3
b3 45. Kf4 Kg7 46. Ke5 Kf7 47. Kxd5 Ke7 48. Kc6 1-0

[Event "?"]
[Site "GER-GRE Fuerth GER"]
[Date "2002.??.??"]
[Round "?"]
[White "Banikas, Hristos"]
[Black "Bischoff, Klaus"]
[Result "1/2-1/2"]
[WhiteElo "2520"]
[BlackElo "2550"]

1. e4 c5 2. Nf3 e6 3. d4 cxd4 4. Nxd4 a6 5. Bd3 Bc5 6. Nb3 Be7 7. O-O d6 8.
c4 Nf6 9. Nc3 O-O 10. Qe2 Nc6 11. f4 b6 12. Be3 Nd7 13. Rad1 Qc7 14. g4 Re8
15. g5 Bf8 16. Bb1 g6 17. h4 Bb7 18. h5 Rad8 19. hxg6 fxg6 20. Rf2 Bg7 21.
Rh2 Re7 22. Qg4 Rf8 23. Rhd2 Nce5 24. fxe5 Nxe5 25. Qe2 Nxc4 26. Rd3 d5 27.
Bc1 b5 28. Rf1 Rxf1+ 29. Qxf1 dxe4 30. Rh3 e3 31. Bxe3 Nxe3 32. Rxe3 a5 33.
Ne4 Bxe4 34. Rxe4 a4 35. Nd2 Rf7 36. Qe1 Qc5+ 37. Kh1 Qxg5 38. Nf1 Qd5 39.
Ne3 Qh5+ 40. Kg1 Qh3 41. Rh4 Qf3 42. Be4 Qf6 43. Rh2 Qd4 44. Bh1 Be5 45.
Rd2 Qf4 46. Rf2 Qg5+ 47. Rg2 Qf4 48. Rf2 Qg5+ 49. Rg2 Qf4 1/2-1/2

[Event "?"]
[Site "4th NAO GM Paris FRA ;The Week"]
[Date "2004.??.??"]
[Round "3"]
[White "Maze, Sebastien"]
[Black "Kazhgaleyev, Murtas"]
[Result "1/2-1/2"]
[WhiteElo "2460"]
[BlackElo "2605"]

1. e4 c5 2. Nf3 e6 3. d4 cxd4 4. Nxd4 a6 5. Bd3 Bc5 6. Nb3 Be7 7. c4 d6 8.
Nc3 Nf6 9. Be3 b6 10. O-O O-O 11. f4 Bb7 12. Qe2 Nbd7 13. g4 g6 14. g5 Nh5
15. Qg4 Ng7 16. Rae1 Qc7 17. Qg3 Nh5 18. Qh3 Nc5 19. Nxc5 dxc5 20. Be2 Ng7
21. f5 exf5 22. exf5 Nxf5 23. Rxf5 gxf5 24. Bd3 Bd6 25. Bxf5 f6 26. g6 Rae8
27. Kf2 Bxh2 28. g7 Qxg7 29. Qxh2 Re5 30. Be6+ Rxe6 31. Rg1 Qg5 32. Nd5
Rfe8 33. Bxg5 Re2+ 34. Kf3 Rxh2 35. Bf4+ Kf7 36. Bxh2 Rd8 37. Ke4 b5 38. b3
Ke6 39. Rg7 f5+ 40. Ke3 Bxd5 41. cxd5+ Kxd5 42. Rxh7 c4 43. Bc7 Re8+ 44.
Kd2 Rf8 45. Rh6 f4 46. Rd6+ Ke4 47. Re6+ Kd5 48. Rd6+ Ke4 49. Re6+ Kd5
1/2-1/2

[Event "?"]
[Site "NK Rapid, Vlaardingen NED"]
[Date "2005.??.??"]
[Round "9"]
[White "Dgebuadze, Alexandre"]
[Black "Chuchelov, Vladimir"]
[Result "0-1"]
[WhiteElo "2535"]
[BlackElo "2530"]

1. e4 c5 2. Nf3 e6 3. d4 cxd4 4. Nxd4 a6 5. Bd3 Bc5 6. Nb3 Be7 7. O-O d6 8.
a4 b6 9. c4 Nc6 10. a5 Nf6 11. axb6 Qxb6 12. Be3 Qc7 13. Nd4 Bb7 14. Nxc6
Bxc6 15. Nc3 Qb7 16. Qc2 O-O 17. b4 Ng4 18. Bd2 Ne5 19. Be2 Rfc8 20. f4 Nd7
21. Rab1 Nf6 22. Bf3 Qb6+ 23. Kh1 Bb7 24. Qd3 Qc7 25. Be2 Qc6 26. b5 axb5
27. cxb5 Qb6 28. Ra1 Nd7 29. Na4 Qd8 30. Be3 Ra5 31. Nb2 Nc5 32. Bxc5 Rxc5
33. Rxa5 Qxa5 34. Nd1 Qb4 35. Nf2 Rc3 36. Qd2 d5 37. Nd3 Qd4 38. e5 g6 39.
Qd1 Ra3 40. Qb1 Qe3 41. Re1 Qd2 42. Bf1 d4 43. Rd1 Qa5 44. Qb2 Qa4 45. Rb1
Ra2 46. Qb3 Qa5 47. Rb2 Ra1 48. Rb1 Ra3 49. Qc4 Ra4 50. Qb3 Bd5 51. Qc2 Ra2
52. Qc8+ Kg7 53. Qc1 Qa8 54. Ne1 Be4 55. Rb2 Ra1 56. Qd2 Qa3 57. b6 Bb7 58.
Rc2 Bb4 59. Qe2 Rxe1 60. Qf2 Qa1 61. Kg1 d3 62. Ra2 Rxf1+ 63. Qxf1 Qxa2 64.
h3 Bc5+ 65. Kh2 Qe2 66. Qc1 Qc2 67. Qf1 Qe2 68. Qc1 Qxg2# 0-1

[Event "?"]
[Site "XXVI Open A, Bratto ITA"]
[Date "2006.??.??"]
[Round "6"]
[White "Groszpeter, Attila"]
[Black "Epishin, Vladimir V"]
[Result "1/2-1/2"]
[WhiteElo "2510"]
[BlackElo "2555"]

1. e4 c5 2. Nf3 e6 3. d4 cxd4 4. Nxd4 a6 5. Bd3 Bc5 6. Nb3 Be7 7. O-O d6 8.
Nc3 Nf6 9. f4 e5 10. fxe5 dxe5 11. Bc4 Qxd1 12. Rxd1 Bg4 13. Rf1 Nbd7 14.
h3 Be6 15. Bxe6 fxe6 16. Be3 Rc8 17. a3 Rf8 18. Rf3 h6 19. Bf2 g5 20. Rd1
h5 21. g3 g4 22. hxg4 Nxg4 23. Rxf8+ Bxf8 24. Rd3 Rc7 25. Kf1 Nxf2 26. Kxf2
Nf6 1/2-1/2

[Event "?"]
[Site "Goodricke"]
[Date "2002.??.??"]
[Round "?"]
[White "Barua, Dibyendu"]
[Black "Goloshchapov, Alexander"]
[Result "1/2-1/2"]
[WhiteElo "2515"]
[BlackElo "2545"]

1. e4 c5 2. Nf3 e6 3. d4 cxd4 4. Nxd4 a6 5. Bd3 Bc5 6. Nb3 Be7 7. Nc3 d6 8.
O-O Nf6 9. f4 Qc7 10. Bd2 Nbd7 11. Qe2 b6 12. Rae1 Bb7 13. a4 O-O 14. Kh1
Rfe8 15. e5 Nd5 16. Nxd5 Bxd5 17. c4 Bb7 18. Nd4 g6 19. Nf3 Bf8 20. Bc3 Bg7
21. Ng5 Nc5 22. Bc2 a5 23. exd6 Qxd6 24. f5 Bxc3 25. fxg6 fxg6 26. bxc3 Qe7
27. Qe5 Rf8 28. h3 Rxf1+ 29. Rxf1 Rf8 30. Rxf8+ Qxf8 31. Be4 Bc8 32. Qc7
Bd7 33. Bf3 Qf6 34. Ne4 Nxe4 35. Qxd7 Nc5 36. Qd6 Qxc3 37. Qxb6 Qxc4 38.
Qxa5 Nxa4 39. Qd8+ Kg7 40. Qe7+ Kg8 41. Qd8+ Kg7 42. Qe7+ Kg8 1/2-1/2

[Event "?"]
[Site "Czech Open A, Pardubice CZE"]
[Date "2006.??.??"]
[Round "6"]
[White "Hermansson, Emil"]
[Black "Laznicka, Viktor"]
[Result "1/2-1/2"]
[WhiteElo "2460"]
[BlackElo "2600"]

1. e4 c5 2. Nf3 e6 3. d4 cxd4 4. Nxd4 a6 5. Bd3 Bc5 6. Nb3 Be7 7. O-O d6 8.
c4 Nf6 9. Nc3 O-O 10. Bf4 b6 11. Qd2 Nbd7 12. Rfd1 Qc7 13. Bf1 Ne5 14. Rac1
Bb7 15. f3 Rac8 16. Nd4 Qb8 17. b3 Kh8 18. Kh1 Rg8 19. Be3 Ba8 20. Nc2 Nfd7
21. Ne1 g5 22. Nd3 Nc6 23. b4 Rg6 24. Rb1 Rcg8 25. c5 dxc5 1/2-1/2

[Event "?"]
[Site "Team Ch Elite"]
[Date "2002.??.??"]
[Round "?"]
[White "Lindberg, Bengt"]
[Black "Agrest, Evgenij"]
[Result "1-0"]
[WhiteElo "2470"]
[BlackElo "2590"]

1. e4 c5 2. Nf3 e6 3. d4 cxd4 4. Nxd4 a6 5. Bd3 Bc5 6. Nb3 Be7 7. O-O d6 8.
c4 b6 9. Nc3 Bb7 10. Qe2 Nd7 11. a4 Ngf6 12. a5 Nc5 13. Bc2 Nxb3 14. Bxb3
bxa5 15. Rd1 Qc7 16. Ba4+ Bc6 17. Bf4 Bxa4 18. Rxa4 Nd7 19. Rda1 Bf6 20.
Rxa5 Bxc3 21. bxc3 Qc6 22. Rd1 e5 23. Be3 O-O 24. Rad5 Nf6 25. Rxd6 Qxe4
26. f3 Qf5 27. c5 h5 28. Rxa6 Rxa6 29. Qxa6 e4 30. Qb7 Re8 31. fxe4 Qg4 32.
Rf1 h4 33. h3 Qe6 34. Bd4 Nxe4 35. Re1 Qg6 36. Qd7 f5 37. c6 Qf7 38. Rb1
Re7 39. Qd8+ Kh7 40. c7 Rxc7 41. Qxh4+ Kg6 42. Rb6+ Nf6 43. Qg3+ Kh7 44.
Bxf6 gxf6 45. Rxf6 Qxf6 46. Qxc7+ Kg6 47. Qg3+ Kh7 48. Qe3 Qc6 49. Qd4 Qb5
50. c4 Qb1+ 51. Kf2 Kg6 52. c5 Kg5 53. Qe3+ Kg6 54. Kg3 Qc2 55. Qd4 Kf7 56.
Qd5+ Kf6 57. Qd6+ Kg5 58. c6 Qc3+ 59. Kh2 f4 60. Qd5+ Kf6 61. Qf3 Qe5 62.
h4 Ke7 63. h5 Qg5 64. Qh3 Qe5 65. Qf3 Qg5 66. Kh3 Kd6 67. Qg4 Qe5 68. Qg6+
Kc7 69. h6 Qe3+ 70. Kh2 f3 71. gxf3 Qf2+ 72. Kh3 Qf1+ 73. Qg2 Qc1 74. f4
Qd1 75. Kh4 Qe1+ 76. Qg3 Qh1+ 77. Kg5 Kxc6 78. f5 Kd7 79. Kg6 Qa8 80. Qd3+
Kc7 81. Qc4+ Kd6 82. Qd4+ Kc7 83. Qe5+ Kb6 84. h7 Qg2+ 85. Kf7 Qb7+ 86. Qe7
Qh1 87. Qf6+ 1-0

[Event "Meurthe et Moselle GM"]
[Site "Nancy FRA"]
[Date "2007.02.25"]
[Round "9"]
[White "Guliyev, N"]
[Black "Sikula, Vaszilij"]
[Result "1/2-1/2"]
[WhiteElo "2545"]
[BlackElo "2515"]

1. e4 c5 2. Nf3 e6 3. d4 cxd4 4. Nxd4 a6 5. Bd3 Bc5 6. Nb3 Be7 7. Qg4 g6 8.
Qe2 d6 9. O-O Nd7 10. c4 b6 11. Nc3 Qc7 12. Be3 Bb7 13. Rac1 Ngf6 14. Nd2
O-O 15. f3 Rac8 16. Qf2 Bc6 17. Rfd1 Qb8 18. a4 Rfe8 19. Bf1 Ba8 20. Nb3
Bf8 21. a5 Nc5 22. Nxc5 bxc5 23. Na4 Nd7 24. Qc2 Bc6 25. Ra1 Qc7 1/2-1/2

[Event "?"]
[Site "Open Zaragoza"]
[Date "1996.??.??"]
[Round "?"]
[White "Wahls, Matthias"]
[Black "Kurajica, Bojan"]
[Result "1/2-1/2"]
[WhiteElo "2555"]
[BlackElo "2505"]

1. e4 c5 2. Nf3 e6 3. d4 cxd4 4. Nxd4 a6 5. Bd3 Bc5 6. Nb3 Be7 7. Qg4 Nf6
8. Qxg7 Rg8 9. Qh6 Nc6 10. O-O Ne5 11. Qe3 d5 12. N1d2 b5 13. Nf3 Nxd3 14.
cxd3 dxe4 15. dxe4 Bb7 16. Nfd2 Qc7 17. f3 Bd6 18. Qh6 Rg6 19. Qh3 Bf4 20.
Nb1 Bxc1 21. Rxc1 Qf4 22. N1d2 Ke7 23. Nf1 Rag8 24. g3 h5 25. Nc5 h4 26.
Nd3 Qxf3 27. Ne5 Qxe4 28. Nxg6+ Rxg6 29. Rc7+ Kf8 30. Rxb7 Qxb7 31. Qxh4
Qc6 32. Qh8+ Ke7 33. Rd1 Qc5+ 34. Kg2 Nd5 35. Qd4 Qc6 36. Kg1 Rf6 37. Ne3
Kf8 38. Nxd5 exd5 39. Qxd5 Qc2 40. Qd2 Qe4 41. Qd6+ Kg7 42. Qd4 Qe2 43. b4
Kg6 44. Qd3+ Qxd3 45. Rxd3 Re6 46. a3 f6 47. Kg2 Re2+ 48. Kh3 Ra2 49. g4
Re2 50. Kg3 Re4 51. Rd6 a5 52. bxa5 Re3+ 53. Kh4 Rxa3 54. a6 Ra2 55. h3 Ra3
56. Re6 Rb3 57. Rb6 Ra3 58. Rd6 Rb3 59. Rb6 Ra3 60. Rc6 Rd3 61. Rb6 Ra3 62.
Re6 Kf7 63. Rb6 Kg6 64. Rxb5 Rxa6 65. Rb3 f5 66. gxf5+ 1/2-1/2

[Event "?"]
[Site "EU Ch"]
[Date "2002.??.??"]
[Round "?"]
[White "Macieja, Bartlomiej"]
[Black "Kekelidze, Mikheil"]
[Result "1-0"]
[WhiteElo "2580"]
[BlackElo "2475"]

1. e4 c5 2. Nf3 e6 3. d4 cxd4 4. Nxd4 a6 5. Bd3 Bc5 6. Nb3 Bb6 7. O-O Ne7
8. Bf4 d5 9. N1d2 Nbc6 10. Qh5 Ng6 11. Bg5 f6 12. Bh4 Ne5 13. Be2 O-O 14.
Bg3 f5 15. Bxe5 Nxe5 16. exd5 exd5 17. Nf3 Ng6 18. Ng5 h6 19. Qxg6 hxg5 20.
Bf3 f4 21. Rad1 Bf5 22. Bxd5+ Qxd5 23. Qxb6 Qf7 24. Nd4 Rac8 25. Nxf5 Qxf5
26. Qxb7 Rf7 27. Qb3 Kh7 28. Rd3 Rc6 29. h3 Rfc7 30. Rc1 Rc4 31. Rd8 f3 32.
Qxf3 Qxf3 33. gxf3 Rxc2 34. Rxc2 Rxc2 35. Rb8 a5 36. a4 Kg6 37. Kg2 Rc1 38.
Rb6+ Kf7 39. Rb5 Rc2 40. Rxa5 Rxb2 41. Rxg5 Ra2 42. a5 Kf6 43. Rb5 Ra4 44.
Kg3 g5 45. Rb6+ Kf5 46. Ra6 Ra1 47. Ra8 Rg1+ 48. Kh2 Ra1 49. a6 Kg6 50. a7
Kg7 51. h4 gxh4 52. f4 Ra2 53. Kh3 Ra4 54. f5 1-0

[Event "?"]
[Site "20th Open Nice FRA ;The Week i"]
[Date "2004.??.??"]
[Round "6"]
[White "Maze, Sebastien"]
[Black "Epishin, Vladimir V"]
[Result "1/2-1/2"]
[WhiteElo "2460"]
[BlackElo "2595"]

1. e4 c5 2. Nf3 e6 3. d4 cxd4 4. Nxd4 a6 5. Bd3 Bc5 6. Nb3 Be7 7. Be3 Nc6
8. c4 Nf6 9. Nc3 d6 10. O-O O-O 11. f4 Re8 12. Rc1 Bf8 13. Qf3 g6 14. Be2
Bg7 15. Rfd1 Qe7 16. e5 dxe5 17. Bc5 Qc7 18. Bd6 Qd8 19. fxe5 Nd7 20. Ne4
Ncxe5 21. Qf2 f5 22. Bxe5 Bxe5 23. Nd6 Re7 24. Bf3 Qf8 25. c5 Qh6 26. g3 f4
27. g4 Qf8 28. Na5 Rg7 29. Naxb7 Bxb7 30. Nxb7 Bc7 31. Kg2 Ne5 32. Qe2 h5
33. Nd6 Nxf3 34. Qxf3 Rd8 35. Ne4 hxg4 36. Qxg4 Qf5 37. Kf3 Rf8 1/2-1/2

[Event "?"]
[Site "Karadjordje-Serbia"]
[Date "2004.??.??"]
[Round "2"]
[White "Mastrovasilis, Dimitrios"]
[Black "Pikula, Dejan"]
[Result "1-0"]
[WhiteElo "2530"]
[BlackElo "2520"]

1. e4 c5 2. Nf3 e6 3. d4 cxd4 4. Nxd4 a6 5. Bd3 Bc5 6. Nb3 Be7 7. Qg4 g6 8.
Qe2 d6 9. O-O Nd7 10. Nc3 Qc7 11. Bd2 b6 12. f4 Ngf6 13. Rae1 O-O 14. e5
Ne8 15. exd6 Bxd6 16. Ne4 Be7 17. Ng5 Nc5 18. Nxc5 Bxc5+ 19. Kh1 Ng7 20.
Bc3 f6 21. Ne4 Be7 22. Bc4 b5 23. Bb3 a5 24. Qxb5 Ba6 25. Qa4 Bxf1 26. Rxf1
Kh8 27. a3 Qb6 28. Qd7 Qa6 29. Re1 Ra7 30. Qd4 Rc7 31. Qf2 a4 32. Ba2 Qb5
33. h3 Qb7 34. Kh2 Rc6 35. Qd4 Qc7 36. Rf1 g5 37. g3 gxf4 38. gxf4 Nf5 39.
Qd3 Rd8 40. Qf3 Nd4 41. Qh5 e5 42. Rg1 exf4 43. Qf7 Nf3+ 44. Kh1 Nxg1 45.
Nxf6 Rxf6 46. Bxf6+ Bxf6 47. Qxf6+ 1-0

[Event "?"]
[Site "14th Chigorin Mem, St-Petersburg RUS"]
[Date "2006.??.??"]
[Round "7"]
[White "Smirnov, Pavel"]
[Black "Ushenina, Anna"]
[Result "1-0"]
[WhiteElo "2620"]
[BlackElo "2430"]

1. e4 c5 2. Nf3 e6 3. d4 cxd4 4. Nxd4 a6 5. Bd3 Bc5 6. Nb3 Be7 7. Be3 d6 8.
N1d2 Nf6 9. f4 Qc7 10. Qf3 Nc6 11. g4 e5 12. f5 Nb4 13. g5 Nd7 14. O-O Nxd3
15. cxd3 b6 16. Rac1 Qd8 17. Qg3 Bb7 18. d4 exd4 19. Nxd4 Nc5 20. Bf4 Nxe4
21. Nxe4 Bxe4 22. Rfe1 d5 23. Nc6 Qd7 24. Nxe7 Qxe7 25. Bd6 Qd7 26. Qe5+
1-0